000 01183nam a2200241Ia 4500
999 _c5066
_d5066
003 OSt
005 20200513134342.0
008 191128s2000 ck gr 000 0 spa d
020 _a9589587690
040 _aCO-JMCR
_cCO-JMCR
041 0 _aspa
082 0 4 _a307.209861 /
_bP275r
_223
100 1 _aPartridge, William,
_eeditor
_94278
245 1 0 _aReasentamiento en Colombia /
_ceditor William Partridge
260 _aBogotá :
_bBanco Mundial : Alto Comisionado de Naciones Unidas para refugiados,
_c2000
300 _a332 páginas ;
_c24 cm.
505 _aEstudios de caso -- Consideraciones sobre políticas y gestión de reasentamiento de población desplazada
520 _aEl reasentamiento es una de las soluciones ofrecidas por el Gobierno de Colombia a los desplazados por la violencia, a la gente afectada que no puede regresar a sus lugares de origen en el futuro cercano y que no quiere permanecer en los cinturones.
650 1 4 _aDesplazados por la violencia
_xAsistencia social
_zColombia
_94279
650 2 4 _aDesplazados por la violencia
_xProyectos
_zColombia
_94280
650 2 4 _aAsentamientos humanos
_xPolítica pública
_zColombia
_94281
942 _2ddc
_cBK